000 00963nas a2200253Ia 4500
001 R702/49174
003 IT-RoPAU
008 151124c99999999xx |||||||||||| ||und||
040 _aIT-RoPAU
040 _cIT-RoPAU
041 _aFRANCESE
100 _aGarcia Bardon Salvador
_gCodice Aut. SPICS: 9553
210 _aDEGRES
222 _aDegres
245 _aDEGRES, N.006 (APRILE 1974)
_bDroit De Parler (Le)-Deuxieme Partie: Le Statut Formel Du Focus Et De la Presupposition Dans la Semantique Generative
250 _a1a ed.
260 _aBRUXELLES
_bDEGRES
_c1974
501 _bPaulus - SPICS - Società San Paolo EM (non-commercial uses only)
_cCopyright2015
300 _a12 p.
362 _aANNO 002, N.006 (APRILE 1974)
500 _aDiritto di Parola: Seconda Parte: Statuto Formale del Focus e della Presupposizione nella Semantica Generativa. Focalizzazione e Presupposizione.
650 _aSEMIOTICA
_vPUBBLICAZIONE PERIODICA
942 _cCR
999 _c110580
_d110580